[Event "Quebec-ch U14"]
[Site "Montreal"]
[Date "2018.01.12"]
[Round "1"]
[White "Chang Solomon, Donnell"]
[Black "Craciun, David"]
[Result "0-1"]
[WhiteElo "1112"]
[BlackElo "1730"]
[PlyCount "48"]
[EventDate "2018.01.12"]
[EventType "swiss"]
[EventRounds "5"]
[EventCountry "CAN"]
[SourceTitle "EXT 2022"]
[Source "ChessBase"]
[SourceDate "2021.10.06"]
[SourceVersion "1"]
[SourceVersionDate "2021.10.06"]
[SourceQuality "1"]

1. d4 d5 2. c4 e6 3. Nf3 c6 4. Nc3 f5 5. Bf4 Nf6 6. e3 Be7 7. cxd5 exd5 8. Bd3 0-0 9. 0-0 Ne4 10. Qb3 Kh8 11. Rfd1 Nd7 12. Bxe4 fxe4 13. Ne5 Nxe5 14. Bxe5 Bd6 15. Bxd6 Qxd6 16. Qa3 Qf6 17. Rf1 Bh3 18. Ne2 Bxg2 19. Kxg2 Qf3+ 20. Kg1 Qxe2 21. h3 Qh5 22. Kh2 Rf3 23. Rh1 Rxf2+ 24. Kg1 Qf3 0-1